000 00600nam a2200217Ia 4500
005 20241129105806.0
008 241129s9999||||xx |||||||||||||| ||und||
020 _a97893891985110
037 _aTB
040 _aARTS
_beng
_cARTS
041 _aeng
_2eng
084 _aNA44,C R2
_qARTS
100 _aCoomaraswamy Ananda K. Au.
245 0 _aOrigin of the buddha image
_cCoomaraswamy Ananda K. Au.
260 _aDelhi, India
_bBuddhist World Press
_c2022
300 _a42p.
365 _aINR
_b500
650 _aArtsArchitecture
942 _cTB
_hNA44,C R2
999 _c1225957
_d1225957